LEADER 01218nam a2200265|i 4500 001 991003787419707536 005 20021223130704.0 008 020409s2000 it u u itauu 020 $a8813220669 035 $ab11863948-39ule_inst 035 $aLE02988444$9ExL 040 $aISUFI - Sett. Diritti e Politiche Euromediterranee$bita 082 0 $a346 100 1 $aMerz, Sandro$0231107 245 10$aManuale pratico della impresa personale in forma societaria :$bassociazioni e società professionali, società artigiane, accomandite, società di comodo e di supporto, società unipersonali ; profili fiscali e comunitari /$cSandro Merz ; hanno collaborato :$bM. Arena, L. Barzazi ... [et al.] 260 0 $aPadova :$bCEDAM,$cc2000 300 $axiii, 733 p. ;$c24 cm 500 $aSegue: Appendice legislativa 650 4$aImpresa personale in forma societaria 907 $a.b11863948$b02-04-14$c23-12-02 912 $a991003787419707536 945 $aLE029 346 MER01.02$g1$iLE029-3626$lle029$o-$pE0.00$q-$rn$so $t0$u0$v0$w0$x0$y.i12116464$z23-12-02 996 $aManuale pratico della impresa personale in forma societaria$9901486 997 $aUNISALENTO 998 $ale029$b01-01-02$cm$da $e-$fita$git $h0$i1 LEADER 01707nam 2200397 a 450 001 9910697847003321 005 20081210162826.0 035 $a(CKB)5470000002392513 035 $a(OCoLC)277768868 035 $a(EXLCZ)995470000002392513 100 $a20081210d2007 ua 0 101 0 $aeng 135 $aurcn||||a|||| 181 $ctxt$2rdacontent 182 $cc$2rdamedia 183 $acr$2rdacarrier 200 00$aAssessment of eddy current testing for the detection of cracks in cast stainless steel reactor piping components$b[electronic resource] /$fprepared by A.A. Diaz ... [and others] 210 1$aWashington, DC :$cDivision of Fuel, Engineering, and Radiological Research, Division of Nuclear Regulatory Research, U.S. Nuclear Regulatory Commission,$d2007. 215 $a1 volume (various pagings) $cdigital, PDF file 300 $aTitle from title screen (viewed on Dec. 10, 2008). 300 $a"Pacific Northwest National Laboratory." 300 $a"Date published: February 2007." 300 $a"NUREG/CR-6929." 300 $a"PNNL-16253." 320 $aIncludes bibliographical references (pages 8-1 - 8-2). 606 $aNuclear power plants$xPiping$xCracking 615 0$aNuclear power plants$xPiping$xCracking. 701 $aDiaz$b Aaron A$01408182 712 02$aU.S. Nuclear Regulatory Commission.$bDivision of Fuel, Engineering, and Radiological Research. 712 02$aPacific Northwest National Laboratory (U.S.) 801 0$bGPO 801 1$bGPO 906 $aBOOK 912 $a9910697847003321 996 $aAssessment of eddy current testing for the detection of cracks in cast stainless steel reactor piping components$93504931 997 $aUNINA